[Event "14. Lichtenberger Sommer"]
[Site "14. Lichtenberger Sommer"]
[Date "2015.08.20"]
[Round "6.41"]
[White "Schmalzried, Volker"]
[Black "Kupfer, Michael"]
[Result "0-1"]
[WhiteElo "1881"]
[BlackElo "2065"]
[PlyCount "122"]
[EventDate "2015.??.??"]
[WhiteTeam "vereinslos"]
[BlackTeam "SC Friesen Lichtenberg"]

1. c4 b6 2. Nc3 Bb7 3. Nf3 e6 4. g3 Bxf3 5. exf3 c5 6. Bg2 Nc6 7. O-O Nge7 8.
d3 Nf5 9. f4 Be7 10. Be3 O-O 11. Ne2 Bf6 12. Rb1 Rc8 13. g4 Nfd4 14. g5 Nxe2+
15. Qxe2 Bd4 16. Bxc6 dxc6 17. h4 Qd6 18. Rbd1 Rcd8 19. b3 Rfe8 20. Bxd4 Qxd4
21. Qe3 Rd6 22. Rd2 Red8 23. Rfd1 g6 24. Kg2 Qg7 25. Qe5 Qf8 26. Kf3 Rd4 27.
Ke3 Qd6 28. Qxd6 R8xd6 29. Rh1 h5 30. gxh6 Kh7 31. h5 Kxh6 32. hxg6+ Kxg6 33.
Rg1+ Kf6 34. Rh1 Rd7 35. Rh6+ Ke7 36. Rh5 Rd8 37. Re5 f5 38. f3 R8d6 39. Rd1
Kd7 40. Rd2 Ke7 41. Rd1 Kf6 42. Rd2 Rd8 43. Rd1 Rh8 44. Re1 Rhd8 45. Rd1 a5 46.
Rd2 R8d7 47. Rd1 Rh7 48. Re1 Rh2 49. Re2 Rxe2+ 50. Kxe2 Rxf4 51. Re3 Rh4 52.
Kd2 Rh2+ 53. Kc3 Rxa2 54. d4 cxd4+ 55. Kxd4 c5+ 56. Kc3 a4 57. Rd3 Ra3 58. Kb2
Rxb3+ 59. Rxb3 axb3 60. Kxb3 Ke5 61. Ka4 Kd4 0-1

[Event "14. Lichtenberger Sommer"]
[Site "14. Lichtenberger Sommer"]
[Date "2015.08.20"]
[Round "6.42"]
[White "Zschäbitz, Klaus"]
[Black "Stein, Siegfried"]
[Result "1-0"]
[WhiteElo "2061"]
[BlackElo "1713"]
[PlyCount "59"]
[EventDate "2015.??.??"]
[WhiteTeam "Berliner SchGes Eckbauer"]
[BlackTeam "SV Berolina Mitte"]

1. c4 e5 2. g3 Nf6 3. Bg2 Nc6 4. Nc3 Bb4 5. Nd5 a5 6. e3 O-O 7. Ne2 Re8 8. O-O
Bf8 9. Nec3 Nb4 10. Nxf6+ Qxf6 11. d4 c6 12. a3 Na6 13. Na4 Rb8 14. Nb6 Qd8 15.
c5 d5 16. Bd2 e4 17. Bxa5 Be6 18. Bd2 Be7 19. b4 Nc7 20. a4 Bd7 21. Qe2 Na8 22.
Nxd7 Qxd7 23. f3 exf3 24. Qxf3 Rf8 25. b5 cxb5 26. axb5 Qxb5 27. Qxd5 Nc7 28.
Qf5 Ne8 29. Rab1 Qa4 30. Qe5 1-0

[Event "14. Lichtenberger Sommer"]
[Site "14. Lichtenberger Sommer"]
[Date "2015.08.20"]
[Round "6.43"]
[White "Birkestrand, Odd"]
[Black "Richter, Götz"]
[Result "1/2-1/2"]
[WhiteElo "1789"]
[BlackElo "2088"]
[PlyCount "105"]
[EventDate "2015.??.??"]
[WhiteTeam "Masfjorden Sjakklubb"]
[BlackTeam "Klub Kölner SF"]

1. e4 c5 2. c3 Nf6 3. e5 Nd5 4. Nf3 Nc6 5. Be2 g6 6. O-O Bg7 7. d4 cxd4 8. cxd4
d6 9. exd6 Qxd6 10. b3 O-O 11. Ba3 Qf6 12. Bb2 Rd8 13. Ne5 Bf5 14. Nxc6 Qxc6
15. Qd2 Qb6 16. Na3 Qb4 17. Qxb4 Nxb4 18. Rfd1 Rac8 19. g4 Be4 20. f3 Bc6 21.
Nc4 Nc2 22. Rac1 Nxd4 23. Bxd4 Bxd4+ 24. Kg2 b6 25. a4 e5 26. Nxe5 Bxe5 27.
Rxc6 Kg7 28. Rxc8 Rxc8 29. Bc4 Rc7 30. h3 Kf6 31. Rd5 Bc3 32. Rd3 Bb4 33. Rd5
Re7 34. g5+ Kg7 35. Kg3 Be1+ 36. Kg4 h5+ 37. gxh6+ Kxh6 38. f4 Re3 39. f5 Rg3+
40. Kf4 g5+ 41. Ke4 Rxh3 42. Rd6+ Kh5 43. Bxf7+ Kg4 44. f6 Kg3 45. Rd3+ Kg2 46.
Rxh3 Kxh3 47. Be6+ Kh4 48. f7 Bb4 49. Kd5 Kh5 50. Kc6 Kg6 51. Kb7 a5 52. Kxb6
Kg7 53. Kb5 1/2-1/2

[Event "14. Lichtenberger Sommer"]
[Site "14. Lichtenberger Sommer"]
[Date "2015.08.20"]
[Round "6.44"]
[White "Badestein, Hartmut"]
[Black "Kautz, Stefan"]
[Result "1/2-1/2"]
[WhiteElo "2055"]
[BlackElo "1919"]
[PlyCount "141"]
[EventDate "2015.??.??"]
[WhiteTeam "SC Friesen Lichtenberg"]
[BlackTeam "SC Empor Maulwurf Bonn"]

1. e4 c5 2. Nc3 d6 3. Bb5+ Bd7 4. Bxd7+ Qxd7 5. f4 e6 6. Nf3 Nc6 7. d3 Nf6 8.
O-O Be7 9. Qe1 O-O 10. Bd2 b5 11. Kh1 b4 12. Nd1 Ne8 13. Nf2 f5 14. c3 a5 15.
Qe2 Nc7 16. Rfe1 Bf6 17. e5 dxe5 18. fxe5 Be7 19. Bg5 Bxg5 20. Nxg5 Nd5 21.
Rac1 Rad8 22. Nf3 h6 23. Red1 g5 24. Ne1 Nf4 25. Qf3 Ng6 26. Qh5 Kg7 27. Qe2
Qd5 28. cxb4 Nd4 29. Qe3 cxb4 30. Rc7+ Rf7 31. Rdc1 Qxe5 32. Qxe5+ Nxe5 33.
R7c5 Nd7 34. Rxa5 Nb6 35. Nf3 Nxf3 36. gxf3 Nd5 37. Rb5 Rdd7 38. a4 bxa3 39.
bxa3 Ra7 40. Rb3 Ra4 41. Rc4 Rfa7 42. Rxa4 Rxa4 43. Nd1 Kf6 44. Nb2 Ra7 45. a4
Ke5 46. Ra3 Kf4 47. Kg2 h5 48. h3 Ne3+ 49. Kf2 g4 50. fxg4 fxg4 51. hxg4 hxg4
52. Nc4 g3+ 53. Kg1 Nc2 54. Ra2 Nd4 55. Nd2 Ne2+ 56. Kg2 Kg4 57. a5 Nf4+ 58.
Kg1 Nxd3 59. Ra3 Nf4 60. Ne4 g2 61. a6 Kf5 62. Nf2 Rc7 63. Nd3 Ra7 64. Nxf4
Kxf4 65. Kxg2 Ke4 66. Kf2 Kd5 67. Ke3 Kc5 68. Ke4 Kb6 69. Ke5 Rxa6 70. Rxa6+
Kxa6 71. Kxe6 1/2-1/2

[Event "14. Lichtenberger Sommer"]
[Site "14. Lichtenberger Sommer"]
[Date "2015.08.20"]
[Round "6.45"]
[White "Glasser, Timon"]
[Black "Püschel, Werner"]
[Result "1-0"]
[WhiteElo "1720"]
[BlackElo "2049"]
[PlyCount "65"]
[EventDate "2015.??.??"]
[WhiteTeam "La Diagonale - Eybens"]
[BlackTeam "Lasker Steglitz-Wilmersdorf"]

1. Nf3 Nf6 2. c4 e6 3. Nc3 a6 4. e4 d6 5. d4 Be7 6. Be2 O-O 7. O-O b6 8. Be3
Bb7 9. Qc2 Nbd7 10. h3 Ne8 11. Rad1 c6 12. e5 d5 13. cxd5 cxd5 14. Bd3 g6 15.
Bc1 Ng7 16. Qd2 Re8 17. g4 Nf8 18. Qh6 Qd7 19. h4 b5 20. Bg5 Rec8 21. h5 Bc6
22. Bf6 Ne8 23. g5 b4 24. Ne2 Bb5 25. hxg6 fxg6 26. Nh4 Bxd3 27. Rxd3 Ra7 28.
Nf4 Bd8 29. Nhxg6 Nxg6 30. Nxg6 Qb7 31. Nf4 Rc6 32. Rg3 Ng7 33. g6 1-0

[Event "14. Lichtenberger Sommer"]
[Site "14. Lichtenberger Sommer"]
[Date "2015.08.20"]
[Round "6.46"]
[White "Kutschke, Jens"]
[Black "Lieder, Günter"]
[Result "1-0"]
[WhiteElo "1975"]
[BlackElo "1849"]
[PlyCount "95"]
[EventDate "2015.??.??"]
[WhiteTeam "SF 1903 Berlin"]
[BlackTeam "SK Turm Bad Hersfeld"]

1. e4 e5 2. Nf3 d6 3. Bc4 h6 4. O-O Nf6 5. d4 exd4 6. Nxd4 Be7 7. Nc3 O-O 8.
Bb3 Na6 9. f4 Nc5 10. Qe1 Nh7 11. Nf3 Bg4 12. Be3 Nxb3 13. axb3 Re8 14. Rd1 Qc8
15. Qg3 Bxf3 16. Qxf3 c6 17. e5 dxe5 18. fxe5 Qe6 19. Ne4 b6 20. Nd6 Rf8 21.
Nf5 Bg5 22. Rd6 Qe8 23. Bd4 c5 24. Bc3 g6 25. Ng3 Be7 26. Rd3 Rd8 27. Re3 Bg5
28. Re2 Qe6 29. Ne4 Be7 30. Qg3 Rd7 31. h4 Rfd8 32. Qf4 Bf8 33. Ref2 Bg7 34.
Nd6 Rf8 35. Qg3 Re7 36. h5 g5 37. Re1 Rd7 38. Nf5 Rfd8 39. Ref1 Rf8 40. Ne3 Re8
41. Ng4 Rde7 42. Kh2 Rd8 43. Nf6+ Bxf6 44. Rxf6 Nxf6 45. Rxf6 Qd7 46. Rxh6 g4
47. e6 fxe6 48. Rh8+ 1-0

[Event "14. Lichtenberger Sommer"]
[Site "14. Lichtenberger Sommer"]
[Date "2015.08.20"]
[Round "6.47"]
[White "Kornath, Heinrich"]
[Black "Rohde, Wolfgang"]
[Result "1/2-1/2"]
[WhiteElo "1829"]
[BlackElo "2164"]
[PlyCount "29"]
[EventDate "2015.??.??"]
[WhiteTeam "SG Eckturm (Berlin)"]
[BlackTeam "SC Friesen Lichtenberg"]

1. e4 c5 2. Ne2 e6 3. Nbc3 Nc6 4. d4 cxd4 5. Nxd4 Qc7 6. g3 a6 7. Bg2 Nf6 8.
O-O d6 9. Be3 Be7 10. Bh1 Bd7 11. f4 Rc8 12. Nxc6 Bxc6 13. f5 b5 14. fxe6 fxe6
15. a3 1/2-1/2

[Event "14. Lichtenberger Sommer"]
[Site "14. Lichtenberger Sommer"]
[Date "2015.08.20"]
[Round "6.48"]
[White "Heuser, Philip"]
[Black "Boeck, Rüdiger"]
[Result "1-0"]
[WhiteElo "2111"]
[BlackElo "1815"]
[PlyCount "89"]
[EventDate "2015.??.??"]
[WhiteTeam "Münchener SC"]
[BlackTeam "SC Weiße Dame Ulm"]

1. d4 d5 2. c4 e6 3. Nc3 Nf6 4. cxd5 exd5 5. Bg5 Be7 6. e3 O-O 7. Bd3 h6 8. Bh4
Re8 9. Nge2 c6 10. Qc2 Bg4 11. f3 Be6 12. O-O Nbd7 13. Rfe1 Nf8 14. Rad1 c5 15.
Bb5 N8d7 16. Bxf6 Bxf6 17. dxc5 a6 18. Ba4 b5 19. cxb6 Qxb6 20. Bxd7 Qxe3+ 21.
Kh1 Bxd7 22. Nxd5 Qa7 23. Nxf6+ gxf6 24. Qd2 Bb5 25. Nc3 Kg7 26. Ne4 Bc4 27. b3
Be6 28. Qf4 f5 29. Qe5+ Kg6 30. Qg3+ Kh7 31. Nf6+ Kh8 32. Qe5 Rg8 33. Nxg8+
Kxg8 34. Qf6 Qf2 35. Qxh6 Qxa2 36. Rxe6 fxe6 37. Qxe6+ Kh8 38. Qh6+ Kg8 39.
Qg6+ Kh8 40. Qf6+ Kg8 41. Qe6+ Kh8 42. Qxf5 Qxb3 43. Rd7 Kg8 44. Qg6+ Kf8 45.
Qg7+ 1-0

[Event "14. Lichtenberger Sommer"]
[Site "14. Lichtenberger Sommer"]
[Date "2015.08.20"]
[Round "6.49"]
[White "Farnault, Eric"]
[Black "Mauch, Johannes"]
[Result "0-1"]
[WhiteElo "2032"]
[BlackElo "1795"]
[PlyCount "134"]
[EventDate "2015.??.??"]
[WhiteTeam "La Diagonale - Eybens"]
[BlackTeam "fb Jena"]

1. e4 e6 2. d4 d5 3. Nd2 Nc6 4. Ngf3 Nf6 5. e5 Nd7 6. c3 f6 7. exf6 Qxf6 8. Bb5
Bd6 9. Nf1 O-O 10. Bg5 Qf7 11. Bh4 a6 12. Bd3 h6 13. Qc2 e5 14. dxe5 Ncxe5 15.
Nxe5 Nxe5 16. Ne3 Qh5 17. Bh7+ Kh8 18. Bg3 Ng4 19. O-O-O Nxe3 20. fxe3 Bxg3 21.
hxg3 Qg5 22. Qd3 Qxg3 23. Bg6 Rf6 24. Bh5 Bf5 25. Qe2 Be4 26. Bf3 Bxf3 27. gxf3
Rxf3 28. Rdg1 Rxe3 29. Qd2 Qf4 30. Rf1 Qe4 31. Rh4 Qd3 32. Qf2 Re7 33. Rd4 Qe3+
34. Qxe3 Rxe3 35. Rxd5 Re7 36. b4 Rae8 37. Kb2 g5 38. Rfd1 Re2+ 39. Kb3 Kg7 40.
b5 axb5 41. Rxb5 b6 42. Rf5 Kg6 43. Rdf1 R8e6 44. Rf7 c6 45. a4 g4 46. Rb7 Re1
47. Rf4 Kg5 48. Rb4 c5 49. Rg7+ Rg6 50. Rxg4+ Kxg4 51. Rxg6+ Kh5 52. Rg8 Re6
53. Kc4 Kh4 54. Kb5 h5 55. Rc8 Kg3 56. a5 bxa5 57. Rxc5 h4 58. Kxa5 h3 59. Rh5
Re4 60. Kb5 Rh4 61. Rg5+ Kf2 62. Rd5 h2 63. Rd1 h1=Q 64. Rxh1 Rxh1 65. c4 Ke3
66. c5 Kd4 67. c6 Rc1 0-1

[Event "14. Lichtenberger Sommer"]
[Site "14. Lichtenberger Sommer"]
[Date "2015.08.20"]
[Round "6.51"]
[White "Bandsom, Olaf"]
[Black "Hahlbohm, Matthias"]
[Result "0-1"]
[WhiteElo "1802"]
[BlackElo "2069"]
[PlyCount "60"]
[EventDate "2015.??.??"]
[WhiteTeam "SC Friesen Lichtenberg"]
[BlackTeam "TSG Oberschöneweide"]

1. e4 c5 2. Nf3 d6 3. Nc3 e5 4. Bc4 Be7 5. Nd5 Nf6 6. Nxe7 Qxe7 7. d3 Bg4 8. h3
Be6 9. c3 h6 10. O-O Nc6 11. Nd2 g5 12. Bxe6 Qxe6 13. f3 O-O-O 14. Qb3 Qd7 15.
Nc4 Rdg8 16. Ne3 Nh5 17. Ng4 Rg6 18. Rf2 Nf4 19. Bxf4 gxf4 20. Kf1 h5 21. Nh2
Rhg8 22. Rd1 Kb8 23. Qa4 Qe7 24. b4 cxb4 25. cxb4 Nd4 26. b5 Qd7 27. Qb4 Ka8
28. b6 a6 29. Rc1 Qxh3 30. Qxd4 exd4 0-1

[Event "14. Lichtenberger Sommer"]
[Site "14. Lichtenberger Sommer"]
[Date "2015.08.20"]
[Round "6.52"]
[White "Albrecht, Rainer"]
[Black "Bieber, Rainer"]
[Result "1/2-1/2"]
[WhiteElo "2072"]
[BlackElo "1745"]
[PlyCount "60"]
[EventDate "2015.??.??"]
[WhiteTeam "SC Kreuzberg"]
[BlackTeam "SV Empor Berlin"]

1. d4 Nf6 2. c4 g6 3. Nc3 d5 4. e3 Bg7 5. Qb3 dxc4 6. Bxc4 O-O 7. Nf3 c5 8.
dxc5 Nc6 9. Be2 Qa5 10. Bd2 Qxc5 11. Rc1 Qb4 12. Qxb4 Nxb4 13. a3 Nc6 14. b4 a6
15. O-O Bf5 16. Rfd1 Rfd8 17. Na4 Ne4 18. Be1 Rxd1 19. Bxd1 Rd8 20. Be2 Ne5 21.
Nxe5 Bxe5 22. f3 Nf6 23. e4 Bd7 24. Rd1 Bc7 25. Nc5 Bc6 26. g3 Rxd1 27. Bxd1
Nd7 28. Bf2 Nxc5 29. Bxc5 Kf8 30. Kf2 Be5 1/2-1/2

[Event "14. Lichtenberger Sommer"]
[Site "14. Lichtenberger Sommer"]
[Date "2015.08.20"]
[Round "6.53"]
[White "Hörmann, David"]
[Black "Alvarez, Luis"]
[Result "0-1"]
[WhiteElo "2055"]
[BlackElo "1853"]
[PlyCount "86"]
[EventDate "2015.??.??"]
[WhiteTeam "SC Weisse Dame (Berlin)"]
[BlackTeam "Zug um Zug Everswinkel"]

1. e4 e6 2. d4 d5 3. Nc3 dxe4 4. Nxe4 Nc6 5. Nf3 Be7 6. Bf4 Nf6 7. Bd3 Nxe4 8.
Bxe4 Bd7 9. Qd2 a5 10. h4 h6 11. c3 Bf6 12. h5 Be7 13. O-O-O f5 14. Bc2 Bd6 15.
Ne5 Ne7 16. Qd3 Nd5 17. Bd2 Qf6 18. f4 O-O-O 19. a3 Bxe5 20. fxe5 Qf7 21. c4
Ne7 22. Bxa5 Bc6 23. Qe2 b6 24. Bc3 Bb7 25. Kb1 g5 26. Rhf1 Kb8 27. d5 Rhf8 28.
g4 f4 29. d6 Nc6 30. Bg6 Qg7 31. c5 bxc5 32. Qb5 cxd6 33. exd6 Qd7 34. Qxc5 Rc8
35. Qb6 Na7 36. Bd4 Nb5 37. Be5 Na7 38. Bd4 Nb5 39. Be5 Na7 40. Rc1 Nc6 41. Be4
Nxe5 42. Rc5 Rxc5 43. Bxb7 Rb5 0-1

[Event "14. Lichtenberger Sommer"]
[Site "14. Lichtenberger Sommer"]
[Date "2015.08.20"]
[Round "6.54"]
[White "Stiemerling, Andreas"]
[Black "Heerde, Thomas"]
[Result "0-1"]
[WhiteElo "1761"]
[BlackElo "1967"]
[PlyCount "28"]
[EventDate "2015.??.??"]
[WhiteTeam "SSV Rotation Berlin"]
[BlackTeam "SC Weisse Dame (Berlin)"]

1. c4 g6 2. d4 Bg7 3. Nf3 d6 4. Nc3 Nd7 5. e4 e5 6. Be2 Ngf6 7. O-O O-O 8. Rb1
a5 9. b4 axb4 10. Rxb4 exd4 11. Ra4 Rxa4 12. Nxa4 c5 13. Bf4 Nxe4 14. Nd2 Qf6
0-1

[Event "14. Lichtenberger Sommer"]
[Site "14. Lichtenberger Sommer"]
[Date "2015.08.20"]
[Round "6.55"]
[White "Casny, Guenter"]
[Black "Birkholz, Axel"]
[Result "1/2-1/2"]
[WhiteElo "1838"]
[BlackElo "1895"]
[PlyCount "89"]
[EventDate "2015.??.??"]
[WhiteTeam "SC Rochade (Berlin)"]
[BlackTeam "SR Spaichingen"]

1. e4 e5 2. Nf3 Nc6 3. Bb5 a6 4. Ba4 Nf6 5. O-O Be7 6. Re1 b5 7. Bb3 O-O 8. c3
d5 9. d3 dxe4 10. dxe4 Qxd1 11. Bxd1 Bb7 12. Bg5 Rad8 13. Nbd2 h6 14. Bxf6 Bxf6
15. Nf1 Ne7 16. Bc2 Rd6 17. Rad1 Rfd8 18. Rxd6 Rxd6 19. Ne3 Bc8 20. Rd1 Rxd1+
21. Bxd1 g6 22. Bb3 Bg7 23. Kf1 Bb7 24. Nd2 Kf8 25. f3 Ke8 26. Kf2 c5 27. c4 b4
28. a3 bxa3 29. bxa3 Nc8 30. Ba4+ Ke7 31. Nb3 Kd6 32. Na5 Ba8 33. g4 Na7 34.
Nd5 Bxd5 35. exd5 Bf8 36. Be8 Ke7 37. Nc6+ Nxc6 38. Bxc6 Kd6 39. Ke3 Be7 40.
Ke4 Bf6 41. Be8 Ke7 42. Bc6 Kd6 43. h3 a5 44. a4 Ke7 45. Kd3 1/2-1/2

[Event "14. Lichtenberger Sommer"]
[Site "14. Lichtenberger Sommer"]
[Date "2015.08.20"]
[Round "6.56"]
[White "Thesing, Ansgar"]
[Black "Albinus, Günter"]
[Result "0-1"]
[WhiteElo "1933"]
[BlackElo "1887"]
[PlyCount "104"]
[EventDate "2015.??.??"]
[WhiteTeam "SC Kreuzberg"]
[BlackTeam "SG Weißensee 49"]

1. e4 c5 2. Nc3 Nc6 3. f4 e6 4. Nf3 g6 5. Bb5 Nge7 6. O-O Bg7 7. d3 O-O 8. Qe1
a6 9. Bxc6 Nxc6 10. Qf2 b6 11. Ne2 d6 12. c3 f5 13. exf5 exf5 14. Be3 Re8 15.
Rfe1 Ra7 16. d4 Rae7 17. Bd2 Qc7 18. Ng3 Rxe1+ 19. Rxe1 Rxe1+ 20. Qxe1 Qe7 21.
Qd1 Be6 22. Qa4 Qb7 23. Ng5 Bd5 24. dxc5 dxc5 25. c4 b5 26. cxb5 Qxb5 27. Qxb5
axb5 28. b3 c4 29. bxc4 Bxc4 30. Nf3 Bxa2 31. Ne2 b4 32. Ne5 Nxe5 33. fxe5 Bc4
34. Kf2 Bxe2 35. Kxe2 Bxe5 36. Bxb4 Bxh2 37. Kf3 Be5 38. Bd2 Kg7 39. g4 fxg4+
40. Kxg4 h5+ 41. Kh3 Kf6 42. Kh4 Kf5 43. Be3 Bf6+ 44. Kh3 Ke4 45. Bd2 Kf5 46.
Be3 Ke4 47. Bd2 Kf3 48. Bh6 Be5 49. Kh4 Bg3+ 50. Kh3 Bf4 51. Bf8 g5 52. Bc5 Bg3
0-1

[Event "14. Lichtenberger Sommer"]
[Site "14. Lichtenberger Sommer"]
[Date "2015.08.20"]
[Round "6.57"]
[White "Krüger, Ekkehard"]
[Black "Becker, Jared"]
[Result "0-1"]
[WhiteElo "1813"]
[BlackElo "1968"]
[PlyCount "64"]
[EventDate "2015.??.??"]
[WhiteTeam "Narva Berlin"]
[BlackTeam "SC Tarrasch München"]

1. e4 c5 2. Nf3 d6 3. d4 cxd4 4. Nxd4 Nf6 5. Nc3 a6 6. h3 b5 7. Bd3 Bb7 8. f3
Nbd7 9. O-O g6 10. Kh1 Bg7 11. Be3 O-O 12. Qd2 Qc7 13. Rac1 Nb6 14. Nce2 d5 15.
exd5 Nfxd5 16. Bg1 e5 17. Nb3 Nc4 18. Bxc4 bxc4 19. Nc5 Rfd8 20. Qg5 Bc6 21. c3
Ne7 22. Rcd1 Bd5 23. b4 Nf5 24. Qc1 Qc6 25. Qc2 Bh6 26. Rb1 Be3 27. Rfd1 Bxg1
28. Rxg1 Bxf3 29. gxf3 Qxf3+ 30. Kh2 Ne3 31. Qb2 Rd5 32. Rg3 Nf1+ 0-1

[Event "14. Lichtenberger Sommer"]
[Site "14. Lichtenberger Sommer"]
[Date "2015.08.20"]
[Round "6.58"]
[White "Feyer, Leon"]
[Black "Schönberger, Kay"]
[Result "1/2-1/2"]
[WhiteElo "1783"]
[BlackElo "1918"]
[PlyCount "50"]
[EventDate "2015.??.??"]
[WhiteTeam "SV Empor Berlin"]
[BlackTeam "SV Koblenz"]

1. e4 c5 2. Nf3 d6 3. c3 Nf6 4. Bd3 Bg4 5. Bc2 Nc6 6. h3 Bh5 7. d3 e6 8. Be3
Be7 9. O-O O-O 10. Nbd2 d5 11. Re1 d4 12. Bg5 h6 13. Bh4 Nd7 14. Bxe7 Qxe7 15.
Qc1 Qf6 16. Bd1 Bg6 17. Be2 Rfd8 18. c4 a6 19. Nb3 Rdc8 20. a3 Qd8 21. Qc2 a5
22. Reb1 Ra7 23. Nbd2 Rca8 24. b3 b6 25. Rb2 Bh7 1/2-1/2

[Event "14. Lichtenberger Sommer"]
[Site "14. Lichtenberger Sommer"]
[Date "2015.08.20"]
[Round "6.59"]
[White "Neubart, Thomas"]
[Black "Schneider, Eckehard"]
[Result "1-0"]
[WhiteElo "2042"]
[BlackElo "1780"]
[PlyCount "69"]
[EventDate "2015.??.??"]
[WhiteTeam "Berliner SchGes Eckbauer"]
[BlackTeam "SF 1903 Berlin"]

1. Nf3 Nf6 2. b3 d6 3. d4 g6 4. Bb2 Bg7 5. e3 O-O 6. Be2 c5 7. O-O b6 8. Nbd2
Bb7 9. c4 d5 10. Qc2 Nbd7 11. Rac1 Rc8 12. Qb1 Re8 13. h3 e6 14. Rfd1 Qe7 15.
Qa1 Red8 16. a4 a5 17. Ne5 Nxe5 18. dxe5 Ne8 19. Nf3 Bh6 20. Rc2 Bg7 21. Nh2
Qg5 22. Nf3 Qe7 23. Kh2 Nc7 24. g3 Rf8 25. Ne1 Na6 26. f4 Nb4 27. Rcd2 Rcd8 28.
Bc3 Qc7 29. Bf3 Rd7 30. Bxb4 axb4 31. cxd5 exd5 32. Bxd5 Bxd5 33. Rxd5 Rfd8 34.
e4 f5 35. exf6 1-0

[Event "14. Lichtenberger Sommer"]
[Site "14. Lichtenberger Sommer"]
[Date "2015.08.20"]
[Round "6.60"]
[White "Lawrenz, Sebastian"]
[Black "Körner, Helmut"]
[Result "1/2-1/2"]
[WhiteElo "1910"]
[BlackElo "1864"]
[PlyCount "81"]
[EventDate "2015.??.??"]
[WhiteTeam "SC Zitadelle Spandau"]
[BlackTeam "SF Nordost Berlin"]

1. d4 Nf6 2. c4 d6 3. Nc3 Nbd7 4. Nf3 c6 5. e4 e5 6. Be2 Be7 7. O-O O-O 8. h3
Qc7 9. Be3 Re8 10. d5 a6 11. Rc1 c5 12. a3 Nf8 13. Ne1 Ng6 14. Nd3 Bf8 15. Qc2
Bd7 16. f4 exf4 17. Nxf4 Ne5 18. b3 Rab8 19. Nd3 Ng6 20. Bf3 b5 21. Bg5 b4 22.
axb4 cxb4 23. Bxf6 gxf6 24. Ne2 Qa7+ 25. Kh1 Qe3 26. Ng3 Qg5 27. Qf2 a5 28. Ra1
Ra8 29. Nh5 Bg7 30. Nxg7 Kxg7 31. Ra2 Ne5 32. Nxe5 fxe5 33. Rfa1 Qd8 34. c5
dxc5 35. Qxc5 Qh4 36. Kg1 Rec8 37. Qf2 Qxf2+ 38. Kxf2 Rc5 39. Ke2 Kg6 40. Kf2
Kg5 41. Ke2 1/2-1/2

[Event "14. Lichtenberger Sommer"]
[Site "14. Lichtenberger Sommer"]
[Date "2015.08.20"]
[Round "6.61"]
[White "Andersen, Jorgen Mosbech"]
[Black "Seitz, Patrick"]
[Result "1/2-1/2"]
[WhiteElo "2007"]
[BlackElo "1665"]
[PlyCount "89"]
[EventDate "2015.??.??"]
[WhiteTeam "Strömmen sjakklubb"]
[BlackTeam "SR Heuberg-Gosheim"]

1. c4 e5 2. Nc3 Nf6 3. e4 Bc5 4. d3 d6 5. Bg5 c6 6. Qd2 h6 7. Be3 Bb4 8. a3 Ba5
9. b4 Bc7 10. d4 d5 11. cxd5 cxd5 12. Bb5+ Nc6 13. Nf3 Nxe4 14. Nxe4 dxe4 15.
Bxc6+ bxc6 16. Nxe5 Bxe5 17. dxe5 Qxd2+ 18. Bxd2 Be6 19. O-O Bd5 20. Rac1 Kd7
21. Rc5 Ke6 22. Bc3 Rhb8 23. Rc1 a6 24. Kf1 Rb5 25. Bd4 a5 26. Rxb5 cxb5 27.
bxa5 Bc4+ 28. Ke1 Rxa5 29. Ra1 g5 30. Kd2 Kd5 31. Ke3 Ra4 32. Bc3 Bd3 33. f3
Bc2 34. Bb4 exf3 35. gxf3 Kxe5 36. Rc1 Bg6 37. Rc5+ Ke6 38. Rxb5 Ra6 39. Bf8
Bh5 40. Bxh6 Rxa3+ 41. Kd4 f6 42. f4 Ra4+ 43. Ke3 Rxf4 44. Bxg5 Rf3+ 45. Kd4
1/2-1/2

[Event "14. Lichtenberger Sommer"]
[Site "14. Lichtenberger Sommer"]
[Date "2015.08.20"]
[Round "6.62"]
[White "Olaizola, Miguel"]
[Black "Baier, Reinhard"]
[Result "0-1"]
[WhiteElo "1804"]
[BlackElo "1976"]
[PlyCount "74"]
[EventDate "2015.??.??"]
[WhiteTeam "SK Zehlendorf"]
[BlackTeam "Berliner SchGes Eckbauer"]

1. e4 c5 2. Nc3 d6 3. Nf3 Nc6 4. d4 cxd4 5. Nxd4 Nf6 6. Be2 g6 7. Be3 Bg7 8.
Qd2 h5 9. f3 Bd7 10. Nd5 Rc8 11. Nxf6+ Bxf6 12. Nxc6 Bxc6 13. Bd4 e5 14. Be3
Bh4+ 15. g3 Be7 16. h4 Qc7 17. O-O O-O 18. c4 b6 19. Bh6 Rfd8 20. Rad1 Kh7 21.
Bg5 f6 22. Be3 Qd7 23. Kh2 Qe6 24. Rg1 Bd7 25. Bf1 Rxc4 26. Qe2 Rdc8 27. b3 Rc2
28. Rd2 Rxd2 29. Qxd2 Rc7 30. f4 f5 31. Bh3 exf4 32. gxf4 Qxe4 33. Rg2 Bc6 34.
Qe1 Bb7 35. Re2 Rc2 36. Bd2 Bxh4 37. Qd1 Qd3 0-1

[Event "14. Lichtenberger Sommer"]
[Site "14. Lichtenberger Sommer"]
[Date "2015.08.20"]
[Round "6.63"]
[White "Schmidt, Jürgen"]
[Black "Bullig, Reinhard"]
[Result "1-0"]
[WhiteElo "1936"]
[BlackElo "1772"]
[PlyCount "57"]
[EventDate "2015.??.??"]
[WhiteTeam "SC Kreuzberg"]
[BlackTeam "SF 1903 Berlin"]

1. e4 e6 2. d4 d5 3. Nd2 Nf6 4. e5 Nfd7 5. Ndf3 c5 6. c3 Nc6 7. a3 cxd4 8. cxd4
Be7 9. Bd3 Qb6 10. Ne2 f6 11. Nf4 Nf8 12. exf6 Bxf6 13. O-O Bd7 14. Ne5 Ke7 15.
Re1 Bxe5 16. dxe5 Be8 17. Qg4 g6 18. Qg5+ Kd7 19. Be3 Qd8 20. Qg4 Nxe5 21. Bb5+
Kc8 22. Qe2 Nc6 23. Bxc6 Bxc6 24. Bd4 Rg8 25. Nxe6 Qe8 26. Qg4 Nxe6 27. Rxe6
Qd7 28. Rae1 b6 29. Rxc6+ 1-0

[Event "14. Lichtenberger Sommer"]
[Site "14. Lichtenberger Sommer"]
[Date "2015.08.20"]
[Round "6.64"]
[White "Schubert, Joachim"]
[Black "Weiß, Daniel"]
[Result "1-0"]
[WhiteElo "1845"]
[BlackElo "1741"]
[PlyCount "109"]
[EventDate "2015.??.??"]
[WhiteTeam "SC Friesen Lichtenberg"]
[BlackTeam "SF Nordost Berlin"]

1. e4 c6 2. d4 d5 3. exd5 cxd5 4. Bd3 Nc6 5. c3 Nf6 6. Bf4 Bg4 7. Ne2 e6 8. Qb3
Qd7 9. Nd2 Be7 10. Nf3 O-O 11. Ne5 Nxe5 12. dxe5 Ne8 13. f3 Bh5 14. O-O Bc5+
15. Kh1 Nc7 16. Rad1 Bg6 17. Bxg6 hxg6 18. Ng3 Qb5 19. Qc2 Qc4 20. Bg5 Qxa2 21.
Ra1 Qc4 22. b3 Qb5 23. c4 Qb6 24. Ne2 Na6 25. Rad1 Nb4 26. Qd2 a5 27. Nc3 dxc4
28. bxc4 a4 29. Rb1 Qc7 30. Ne4 Na6 31. f4 Qc6 32. Qd3 f6 33. exf6 Rf7 34. fxg7
Be7 35. Qh3 Rxg7 36. Rfd1 Rf8 37. Qg4 Bxg5 38. Nxg5 Nc5 39. Rb5 Rf5 40. Rdb1
Nb3 41. Rxf5 exf5 42. Qe2 Qd7 43. Qe5 Re7 44. Qc3 Qd2 45. Qg3 a3 46. Nf3 Qc2
47. Qxg6+ Kf8 48. Qf6+ Ke8 49. Rg1 a2 50. Ne5 Rc7 51. Qe6+ Kf8 52. Qd6+ Re7 53.
Qd8+ Re8 54. Qf6+ Kg8 55. Qf7+ 1-0

[Event "14. Lichtenberger Sommer"]
[Site "14. Lichtenberger Sommer"]
[Date "2015.08.20"]
[Round "6.65"]
[White "Adelberger, Georg"]
[Black "Pöltelt, Helmut"]
[Result "1-0"]
[WhiteElo "1926"]
[BlackElo "1752"]
[PlyCount "79"]
[EventDate "2015.??.??"]
[WhiteTeam "SC Kreuzberg"]
[BlackTeam "SC Eintracht Berlin"]

1. d4 f5 2. c4 Nf6 3. Nc3 g6 4. Nf3 Bg7 5. Bg5 d6 6. e3 O-O 7. Be2 h6 8. Bxf6
Bxf6 9. Qc2 c6 10. Rd1 Qc7 11. O-O e5 12. b4 e4 13. Ne1 Qg7 14. Rc1 Na6 15. b5
Nc7 16. bxc6 bxc6 17. Qa4 c5 18. Qc6 cxd4 19. exd4 Qd7 20. Qxd7 Bxd7 21. Nc2
Rab8 22. Rb1 Ne6 23. Nb5 Bxb5 24. cxb5 Nxd4 25. Bc4+ Kg7 26. Ne3 Rfc8 27. Rfc1
Nxb5 28. Be6 Rxc1+ 29. Rxc1 Re8 30. Bd7 Rb8 31. Rb1 a6 32. a4 Rd8 33. Bxf5 Nc3
34. Rb7+ Kg8 35. Bxg6 Nxa4 36. Nf5 Bg5 37. h4 Nc5 38. Rg7+ Kf8 39. Rf7+ Kg8 40.
hxg5 1-0